Countries that end in land/s - Statistics

General Stats
  • This quiz has been taken 79 times
  • The average score is 6 of 10
Answer Stats
Answer % Correct
Iceland
86%
Finland
84%
Ireland
75%
Netherlands
75%
Poland
67%
Switzerland
57%
Thailand
52%
New Zealand
51%
Solomon Islands
35%
Marshall Islands
33%
No matching quizzes found
Score Distribution
Percent of People with Each Score
Percentile by Number Answered
Your Score History
You have not taken this quiz